00424nam a2200133Ia 4500008004100000041001200041082001700053100004700070245004300117260003900160300001300199400005400212650002400266231217s9999 xx 000 0 und d aEnglish a005.7 HAN;9 aHan, Jiawei Kamber, Micheline Gray, Jim ed 0aData mining : concepts and techniques  c2001bMorgan Kaufmann, aNew Delhi axxiv+550 aMorgan Kaufmann series in data management systems amining,:,techniques